000 00980nam0a22002411 4500
001 rc\252822
005 20250621020331.0
035 _a(NLR Aleph) 005513712
090 _a5434300
_c5434300
100 _a20030307d1990 |||y0rusy50 ca
101 0 _arus
102 _aRU
105 _ay |||||||||
200 1 _aРазработка технических решений по повышению эффективности очистных и подготовительных работ на шахтах Средней Азии
_eДис. на соиск. учен. степ. канд. техн. наук в форме науч. докл.
_e(05.15.02)
_fМоск. горн. ин-т
210 _aМ.
_cБ. и.
_d1990
215 _a18 с.
320 _aБиблиогр.: с. 17-18 (7 назв.)
700 1 _aТомалак
_bС.М.
_gСервер Маметович
801 0 _aRU
_bNLR
_gpsbo
801 1 _aRU
_bELAR
_2rusmarc
852 _aNLR
_jА90/13058
942 _cBOOK
980 _aNB